000 00874nam a2200265 i 4500
003 DO-SdBNP
005 20240923101835.0
007 ta
008 240923s1993 sp d 000 0 spa d
020 _a9284401321
040 _aDO-SdBNP
_bspa
_cBNPHU
_erda
082 _bM478
_222
100 1 _4aut
_aMclntyre, George
_eautor
_986640
245 1 0 _aDesarrollo turístico sostenible :
_bguía para planificadores locales /
_cGeorge Mclntyre, Arlene Hetherington, Edward Inskeep
250 _a1a. edición
264 1 _aMadrid, España :
_bOrganización Mundial del Turismo,
_c1993.
300 _a234 páginas,
_bgraficas
_c24 cm.
336 _2rdacontent
_atexto
_btxt
337 _2rdamedia
_asin mediación
_bn
338 _2rdacarrier
_avolumen
_bnc
504 _aBibliografía p: 233-234.
590 _aInventariado, 2024/ YL
910 _aYLockward
942 _2ddc
_cLBS1
999 _c57737
_d57737